00676cam a2200241 a 450000100060000000300080000600500170001400800410003103500190007203500170009104000250010804100080013308200200014110000140016124500690017525000120024426000320025630000250028850000270031365000060034065100370034665100510038320395BD-RjUL20211209000547.0140227s1861 enk 000 0aeng d a(BD-RjUL)20457 a(NNC)4561426 aMHcMHdBD-RjULbeng aeng00a915.4bLAL 18611 aLady, A. 10aLetters from Madras :bduring the years 1838-1839 /cby A. Lady. anew ed. aLondon :bJ. Murray,c1861. aix, 145 p. ;c18 cm. aPublished anonymously. v  0aIndiaxSocial life and customs.  0aIndiaxHistoryyBritish occupation, 1765-1947.